Jose Rizal : social reformer and patriot : (Record no. 117534)
[ view plain ]
| 000 -LEADER | |
|---|---|
| fixed length control field | 00600nam a2200181Ia 4500 |
| 008 - FIXED-LENGTH DATA ELEMENTS--GENERAL INFORMATION | |
| fixed length control field | 140527s9999 xx 000 0 und d |
| 020 ## - INTERNATIONAL STANDARD BOOK NUMBER | |
| International Standard Book Number | 9789712360503 |
| 050 ## - LIBRARY OF CONGRESS CALL NUMBER | |
| Classification number | DS 675.8R6 |
| Item number | .J772o 2011 |
| 100 ## - MAIN ENTRY--PERSONAL NAME | |
| Personal name | DeViana, Augusto V. |
| 245 ## - TITLE STATEMENT | |
| Title | Jose Rizal : social reformer and patriot : |
| Remainder of title | a study of his life and times / |
| Statement of responsibility, etc | Augusto V. DeViana... [et al.]. |
| 260 ## - PUBLICATION, DISTRIBUTION, ETC. (IMPRINT) | |
| Place of publication, distribution, etc | Quezon City : |
| Name of publisher, distributor, etc | Rex Printing Company, Inc., |
| Date of publication, distribution, etc | c2011. |
| 300 ## - PHYSICAL DESCRIPTION | |
| Extent | 241 p. : |
| Dimensions | 23 cm. |
| 500 ## - GENERAL NOTE | |
| General note | Includes bibliographical references. |
| 521 ## - TARGET AUDIENCE NOTE | |
| Target audience note | |
| 650 ## - SUBJECT ADDED ENTRY--TOPICAL TERM | |
| Topical term or geographic name as entry element | Heroes |
| General subdivision | Biography |
| 942 ## - ADDED ENTRY ELEMENTS (KOHA) | |
| Call number prefix | Local |
| Koha item type | Books |
| Withdrawn status | Lost status | Damaged status | Home library | Current library | Shelving location | Date acquired | Total Checkouts | Total Renewals | Full call number | Barcode | Date last seen | Date checked out | Price effective from | Koha item type |
|---|---|---|---|---|---|---|---|---|---|---|---|---|---|---|
| College Library | College Library | Filipiniana Section | 05/28/2014 | 3 | 1 | DS 675.8R6 .J772o 2011 | C18142 | 05/08/2018 | 09/08/2017 | 05/28/2014 | Books |